| 000 | 00951cam a22002771i 4500 | ||
|---|---|---|---|
| 001 | gs 10000557 | ||
| 003 | DLC | ||
| 005 | 20260227111310.0 | ||
| 008 | 790508s1910 dcuab b f001 0 eng | ||
| 010 | _ags 10000557 | ||
| 035 | _a(OCoLC)4940842 | ||
| 040 |
_aDLC _cICharE _dDLC |
||
| 042 | _apremarc | ||
| 043 |
_an-us-nm _an-us-az |
||
| 050 | 0 | 0 |
_aQE75 _b.B9 no. 435 |
| 100 | 1 |
_aDarton, Nelson Horatio, _d1865-1948. |
|
| 245 | 1 | 2 |
_aA reconnaissance of parts of northwestern New Mexico and northern Arizona / _cby N.H. Darton. |
| 260 |
_aWashington, _bGovt. Print. Off., _c1910. |
||
| 300 |
_a88 p. : _bill., 17 pl (incl. 3 fold. maps) ; _c24 cm. |
||
| 490 | 1 | _aU.S. Geological survey. Bulletin 435 | |
| 500 | _aIssued also as House doc. no. 982, 61st Cong., 2d sess. | ||
| 504 | _aBibliography : p 81-84. | ||
| 650 | 0 |
_aGeology _zNew Mexico. |
|
| 650 | 0 |
_aGeology _zArizona. |
|
| 810 | 1 |
_aUnited States. _bGeological Survey. _tBulletin ; _v435. |
|
| 999 |
_c24961 _d24961 |
||